Technologia izdelij iz koži. Časť 1 /

Salvato in:
Dettagli Bibliografici
Autori principali: Fukin, Vitalij Aleksandrovič (Autore), Kalita, Anatolij Nikolajevič (Autore)
Natura: Libro
Pubblicazione: Moskva : Legprombytizdat, 1988
Tags: Aggiungi Tag
Nessun Tag, puoi essere il primo ad aggiungerne!!

MARC

LEADER 00000nam a22000003a 4500
001 stu14545
005 20150617225801.0
008 ------s1988----xxr---------------------d
040 |a STU  |b slo 
041 0
044 |a xxr 
080 |a 685.31.02 
100 1 |a Fukin, Vitalij Aleksandrovič  |4 aut 
245 1 |a Technologia izdelij iz koži. Časť 1 /  |c [aut.]Fukin,Vitalij Aleksandrovič, Kalita,Anatolij Nikolajevič 
260 |a Moskva :  |b Legprombytizdat,  |c 1988 
300 |a 271 s :  |b Obr.,tab.,grafy,lit.index 
700 1 |a Kalita, Anatolij Nikolajevič  |4 aut 
996 |b C83736  |c C*83736  |l CCVIIIB  |s P  |a 0  |w stu14545_0001